000 00252nam a2200097Ia 4500
001 725223
005 20250826163405.0
008 250824s9999 xx 000 0 und d
245 0 _aBEN ÇOCUKSAM EĞER
_cBEYZA NUR DEMİRCİ
260 _bKAYALIPARK YAYINLARI
999 _c725223
_d725223